LEADER 01293nam a2200265 i 4500 001 000000242727 003 CaOOAMICUS 005 20150615000000.0 008 150615s2015 it u000 u ita u 013 $a221632 020 $a978-88-8123-912-2 040 $aSeMil$bita 100 1 $aVecchio, Giorgio,$d<1950- >.$0(OLS)http://semarc/name/6973 245 10$aVita e morte di un partigiano cristiano :$bGiuseppe Bollini e i giovani dell'Azione Cattolica nella Resistenza /$cGiorgio Vecchio. 260 $aMilano :$bIn Dialogo,$c2015. 300 $a110 p. ;$c20 cm. 600 14$aBollini, Giuseppe <1922-1945>.$0(OLS)http://semarc/subject/42452 650 4$aResistenza - Italia - Diari e memorie.$0(OLS)http://semarc/subject/32330 650 4$aGioventù italiana di Azione Cattolica.$0(OLS)http://semarc/subject/39502 850 $aSeMil 852 $aSeMil$W1$xVenegono$y1$m3U I 612$j193073$B193073$CSeMilBibl$Z2$F203981 $81 961 $aOmaggio: ITL 996 $6020$a978-88-8123-912-2$9(OLS)http://semarc/number/250190 996 $6245$aVita e morte di un partigiano cristiano :$bGiuseppe Bollini e i giovani dell'Azione Cattolica nella Resistenza$9(OLS)http://semarc/title/344509 996 $6260$aMilano :$bIn Dialogo$9(OLS)http://semarc/publisher/31663 LEADER 01074nam a2200241 i 4500 001 000000207071 003 CaOOAMICUS 005 20111020000000.0 008 111020s1976 it u000 u ita u 013 $a185846 040 $aSeMil$bita 100 1 $aCattaneo, Enrico .$0(OLS)http://semarc/name/93836 245 10$aImmagini di Castiglione Olona /$ctesti di Enrico Cattaneo e Gian Alberto Dell'Acqua. 260 $aMilano :$bCassa di Risparmio delle Province Lombarde,$c1976. 300 $a117 p. :$bin gran parte ill. ;$c37 cm. 500 $aIn occhiello : Dedica. 650 4$aCastiglione Olona - Arte.$0(OLS)http://semarc/subject/3733 700 1 $aDell'Acqua, Gian Alberto,$d<1909-2004>.$0(OLS)http://semarc/name/5248 850 $aSeMil 852 $aSeMil$W1$xVenegono$y1$m3P VI 407$j157534$B157534$CSeMilBibl$Z2$F171670 $81 961 $aRecupero: Altro 996 $6245$aImmagini di Castiglione Olona$9(OLS)http://semarc/title/299462 996 $6260$aMilano :$bCassa di Risparmio delle Province Lombarde$9(OLS)http://semarc/publisher/32599